| Tag |
First Indicator |
Second Indicator |
Subfields |
| LEADER |
00000cam a22000008a 4500 |
| 001 |
in00000072104 |
| 005 |
20151008062541.0 |
| 008 |
810730s1981 nyua b 00110 eng |
| 010 |
|
|
|a 81067971
|
| 020 |
|
|
|a 0801492300 (pbk.)
|
| 035 |
|
|
|a (OCoLC)07740916
|
| 035 |
|
|
|9 AAK0464AM
|
| 039 |
0 |
|
|a 2
|b 3
|c 3
|d 3
|e 3
|
| 040 |
|
|
|a DLC
|c DLC
|d TXA
|d UtOrBLW
|
| 043 |
|
|
|a n-us---
|
| 049 |
|
|
|a TXAM
|c [387420]
|
| 050 |
0 |
0 |
|a HJ2052
|b .I77
|
| 082 |
0 |
|
|a 336.3/9/0973
|2 19
|
| 100 |
1 |
|
|a Ippolito, Dennis S.
|
| 245 |
1 |
0 |
|a Congressional spending /
|c Dennis S. Ippolito.
|
| 263 |
|
|
|a 8110
|
| 264 |
|
1 |
|a Ithaca, N.Y. :
|b Cornell University Press,
|c 1981.
|
| 300 |
|
|
|a 286 pages :
|b illustrations ;
|c 22 cm.
|
| 336 |
|
|
|a text
|b txt
|2 rdacontent
|
| 337 |
|
|
|a unmediated
|b n
|2 rdamedia
|
| 338 |
|
|
|a volume
|b nc
|2 rdacarrier
|
| 500 |
|
|
|a "A Twentieth Century Fund report."
|
| 504 |
|
|
|a Includes bibliographical references and index.
|
| 541 |
0 |
|
|a Donated by Dr. H.O. Kunkel June, 1998
|
| 650 |
|
0 |
|a Government spending policy
|z United States.
|
| 651 |
|
0 |
|a United States
|x Appropriations and expenditures.
|
| 710 |
2 |
|
|a Twentieth Century Fund.
|
| 999 |
|
|
|a MARS
|
| 999 |
f |
f |
|s cfcf4dd1-1494-307e-be47-ab988d0b13ce
|i f18945b2-54b1-3923-b65b-47e7689717e2
|t 0
|
| 952 |
f |
f |
|p ric
|a Texas A&M University
|b Rellis Campus
|c Joint Library Facility
|d Remote Storage
|t 0
|e HJ2052 .I77
|h Library of Congress classification
|i unmediated -- volume
|m A14806138264
|
| 998 |
f |
f |
|a HJ2052 .I77
|t 0
|l Remote Storage
|